00275nam a22000857a 4500082002000000245007300020260004900093300001000142526003700152 a954.912bOFFcD aOfficial History of Operations on the N.W. Frontier of India 1936-37 aDelhibManager of Publications, Delhicc1943 ap 256 a0b0c0d954_912000000000000_OFF